|
|
|
|
| LEADER |
02504nam a2200649 4500 |
| 001 |
ocn810924662 |
| 003 |
OCoLC |
| 005 |
20170124071141.2 |
| 006 |
m o d |
| 007 |
cr cnu---unuuu |
| 008 |
120924s2012 enk ob 001 0 eng d |
| 040 |
|
|
|a N$T
|b eng
|e pn
|c N$T
|d UV0
|d UIU
|d DG1
|d CDX
|d OCLCF
|d UKDOC
|d OCLCQ
|d YDXCP
|d E7B
|d B24X7
|d DKDLA
|d OCLCQ
|d COO
|d OCLCQ
|d DEBBG
|d LOA
|d OCLCQ
|d GrThAP
|
| 019 |
|
|
|a 828736850
|a 913843879
|a 960200189
|a 961601777
|a 962587409
|
| 020 |
|
|
|a 9781118274125
|q (electronic bk.)
|
| 020 |
|
|
|a 1118274121
|q (electronic bk.)
|
| 020 |
|
|
|a 9781118274132
|q (electronic bk.)
|
| 020 |
|
|
|a 111827413X
|q (electronic bk.)
|
| 020 |
|
|
|z 9781118274149
|
| 020 |
|
|
|z 1118274148
|
| 029 |
1 |
|
|a AU@
|b 000050138918
|
| 029 |
1 |
|
|a CHBIS
|b 009914427
|
| 029 |
1 |
|
|a CHVBK
|b 199574405
|
| 029 |
1 |
|
|a DEBBG
|b BV043395056
|
| 029 |
1 |
|
|a DKDLA
|b 820120-katalog:000696408
|
| 029 |
1 |
|
|a NLGGC
|b 347882609
|
| 029 |
1 |
|
|a NZ1
|b 14527118
|
| 029 |
1 |
|
|a NZ1
|b 15340948
|
| 029 |
1 |
|
|a NZ1
|b 16097822
|
| 035 |
|
|
|a (OCoLC)810924662
|z (OCoLC)828736850
|z (OCoLC)913843879
|z (OCoLC)960200189
|z (OCoLC)961601777
|z (OCoLC)962587409
|
| 050 |
|
4 |
|a TX553.A3
|b C455 2012eb
|
| 072 |
|
7 |
|a CKB
|x 000000
|2 bisacsh
|
| 072 |
|
7 |
|a TEC
|x 012000
|2 bisacsh
|
| 082 |
0 |
4 |
|a 641.3/08
|2 23
|
| 049 |
|
|
|a MAIN
|
| 245 |
0 |
4 |
|a The chemistry of food additives and preservatives /
|c Titus A.M. Msagati.
|
| 264 |
|
1 |
|a Oxford ;
|a Ames, Iowa :
|b Wiley-Blackwell,
|c 2012.
|
| 300 |
|
|
|a 1 online resource
|
| 336 |
|
|
|a text
|b txt
|2 rdacontent
|
| 337 |
|
|
|a computer
|b c
|2 rdamedia
|
| 338 |
|
|
|a online resource
|b cr
|2 rdacarrier
|
| 504 |
|
|
|a Includes bibliographical references and index.
|
| 588 |
0 |
|
|a Print version record.
|
| 650 |
|
0 |
|a Food additives.
|
| 650 |
|
0 |
|a Food preservatives.
|
| 650 |
|
0 |
|a Food
|x Analysis.
|
| 650 |
|
0 |
|a Food
|x Composition.
|
| 650 |
|
7 |
|a COOKING
|x General.
|2 bisacsh
|
| 650 |
|
7 |
|a TECHNOLOGY & ENGINEERING
|x Food Science.
|2 bisacsh
|
| 650 |
|
7 |
|a Food additives.
|2 fast
|0 (OCoLC)fst00930654
|
| 650 |
|
7 |
|a Food
|x Analysis.
|2 fast
|0 (OCoLC)fst00930460
|
| 650 |
|
7 |
|a Food
|x Composition.
|2 fast
|0 (OCoLC)fst00930485
|
| 650 |
|
7 |
|a Food preservatives.
|2 fast
|0 (OCoLC)fst00930992
|
| 655 |
|
4 |
|a Electronic books.
|
| 700 |
1 |
|
|a Msagati, Titus A. M.
|
| 776 |
0 |
8 |
|i Print version:
|t Chemistry of food additives and preservatives.
|d Oxford ; Ames, Iowa : Wiley-Blackwell, 2012
|z 9781118274149
|w (DLC) 2012009754
|w (OCoLC)786273102
|
| 856 |
4 |
0 |
|u https://doi.org/10.1002/9781118274132
|z Full Text via HEAL-Link
|
| 994 |
|
|
|a 92
|b DG1
|